Memoria /

Na minha lista:
Detalhes bibliográficos
Autores corporativos: Costa Rica. Ministerio de Ambiente, Energía y Minas, MINAE FUDEU
Formato: Texto
Publicado em: San José: IPECA
Tags: Adicionar Tag
Sem tags, seja o primeiro a adicionar uma tag!

MARC

LEADER 00000 a a2200000 04500
001 22835
003
040
090 |a 157300  
110 |a Costa Rica. Ministerio de Ambiente, Energía y Minas  
245 |a Memoria /  |c Costa Rica. Ministerio de Ambiente, Energía y Minas  
260 |a San José:   |b IPECA  
300 |a 35 p   |b il.  
710 |a MINAE   |a FUDEU  
999 |c 16235  |d 16235